|
|
|
|
| LEADER |
00891nam a22002297a 4500 |
| 001 |
AAL4424 |
| 003 |
BD-DhAAL |
| 005 |
20160204124850.0 |
| 008 |
160204s 2001bd ||||| |||| 00| 0 ben d |
| 020 |
|
|
|a 9843111869
|
| 040 |
|
|
|a BD-DhAAL
|c BD-DhAAL
|
| 082 |
|
|
|a 954.92
|
| 245 |
|
|
|a হাজার বছরের স্বরণীয় ও বরণীয় /
|c আনু মাহমুদ সম্পাদিত
|
| 250 |
|
|
|a 1st ed.
|
| 260 |
|
|
|a ঢাকা :
|b ক্যাবকো,
|c ২০০১.
|
| 300 |
|
|
|a ৫৭৫ পৃ. ;
|c ২২ সে.মি.
|
| 541 |
|
|
|e 4424
|
| 651 |
|
|
|a Bengal (India)
|x History.
|9 17730
|
| 700 |
|
|
|a মাহমুদ, আনু
|9 17731
|
| 942 |
|
|
|2 ddc
|c BK
|
| 999 |
|
|
|c 36767
|d 36767
|
| 952 |
|
|
|0 0
|1 0
|2 ddc
|4 0
|6 954_920000000000000_HAJ
|7 0
|9 57856
|a SCL
|b SCL
|c GEN
|d 2016-02-04
|g 400.00
|l 1
|m 1
|o 954.92 HAJ
|p 3020004424
|r 2025-05-04
|s 2025-04-20
|t 1
|w 2016-02-04
|y BK
|